Kudrun /
Saved in:
| Andre forfattere: | , |
|---|---|
| Format: | Electronisk eBog |
| Sprog: | spansk tysk |
| Udgivet: |
Tres Cantos, Madrid, España :
Akal,
[2018]
|
| Serier: | Akal bolsillo. Serie Clásicos de la literatura alemana ;
343. |
| Fag: | |
| Online adgang: | Digitalia Hispánica |
| Tags: |
Tilføj Tag
Ingen Tags, Vær først til at tagge denne postø!
|
MARC
| LEADER | 00000nam a2200000 i 4500 | ||
|---|---|---|---|
| 001 | DIGAKAL0473 | ||
| 003 | NyNyDIG | ||
| 007 | cr ||||||||||| | ||
| 008 | 220606s2018 sp a ob 000 0 spa d | ||
| 006 | m o d | ||
| 035 | |a (OCoLC)1041904894 | ||
| 040 | |a DGITA |b eng |e rda |e pn |c DGITA | ||
| 020 | |a 9788446046257 |q eBook | ||
| 020 | |z 9788446045359 | ||
| 041 | 1 | |a spa |h ger | |
| 050 | 1 | 4 | |a PT1528 ebook |
| 082 | 1 | 4 | |a 831.21 |
| 130 | 0 | |a Kudrun. |l Spanish |s (Paradés Tierno and Mariño) | |
| 245 | 1 | 0 | |a Kudrun / |c Anónimo ; edición de Oliva Paradés Tierno y Francisco Manuel Mariño. |
| 264 | 1 | |a Tres Cantos, Madrid, España : |b Akal, |c [2018] | |
| 300 | |a 1 online resource : |b illustrations. | ||
| 336 | |a text |b txt |2 rdacontent | ||
| 337 | |a computer |b c |2 rdamedia | ||
| 338 | |a online resource |b cr |2 rdacarrier | ||
| 347 | |a text file |2 rdaft | ||
| 347 | |b EPUB | ||
| 490 | 1 | |a Akal básica de bolsillo ; |v 343. |a Clásicos de la literatura alemana | |
| 504 | |a Includes bibliographical references. | ||
| 588 | 0 | |a Online resource; title from ePub title page (Digitalia, viewed June 6, 2022) | |
| 655 | 7 | |a Epic poetry. |2 lcgft | |
| 655 | 0 | |a Electronic books. | |
| 700 | 1 | |a Paradés Tierno, Oliva, |e editor. | |
| 700 | 1 | |a Mariño, Francisco Manuel, |e editor. | |
| 730 | 0 | |i Translation of: |a Kudrun. | |
| 791 | 2 | |a Digitalia (Firm), |e distributor. | |
| 793 | 0 | |g Digitalia eBook Collection: |a Akal | |
| 776 | 0 | 8 | |i Print version: |a Kudrun. Spanish (Paradés Tierno and Manuel Mariño). |t Kudrun. |d Tres Cantos, Madrid, España : Akal, [2018] |z 9788446045359 |
| 830 | 0 | |a Akal bolsillo. |p Serie Clásicos de la literatura alemana ; |v 343. | |
| 856 | 4 | 0 | |3 Digitalia Hispánica |u https://digitalia.unach.elogim.com/a/55154/ |
| 910 | |a Premium collection: 2022 | ||